[Event "EUR-ch"]
[Site "Batumi GEO"]
[Date "2018.03.21"]
[Round "5.84"]
[White "Huber, Martin Christian"]
[Black "Golubka, Petro"]
[Result "1/2-1/2"]
[WhiteElo "2372"]
[BlackElo "2503"]
[WhiteFideId "-1"]
[BlackFideId "-1"]
[PlyCount "73"]
[GameId "2130307621781422"]
[EventDate "2018.03.17"]
[EventType "swiss"]
[EventRounds "11"]
[EventCountry "GEO"]
[SourceTitle "10 Days #538"]
[Source "Chess Mix"]
[SourceDate "2018.04.01"]
[SourceVersion "1"]
[SourceVersionDate "2018.04.01"]
[SourceQuality "1"]

1. d4 e6 2. c4 b6 3. e4 Bb7 4. Bd3 Nc6 5. Ne2 Nb4 6. Nbc3 Nxd3+ 7. Qxd3 Ne7 8. O-O g6 9. Bg5 Bg7 10. d5 h6 11. Be3 O-O 12. Bd4 e5 13. Be3 f5 14. f3 c5 15. f4 fxe4 16. Nxe4 Nf5 17. fxe5 Bxe5 18. Bf4 Bxb2 19. Rab1 Bg7 20. Nxc5 bxc5 21. Rxb7 Qe7 22. Bd2 Nd6 23. Rbb1 Rxf1+ 24. Rxf1 Qe4 25. Qxe4 Nxe4 26. Be3 Re8 27. Nf4 Kh7 28. Nd3 g5 29. Nxc5 Nd6 30. Bf2 Nxc4 31. Nxd7 Rd8 32. Rc1 Rxd7 33. Rxc4 Rxd5 34. Bxa7 Rd1+ 35. Kf2 Rd2+ 36. Kf3 Rxa2 37. Ke4 1/2-1/2

[Event "EUR-ch"]
[Site "Batumi GEO"]
[Date "2018.03.22"]
[Round "6.84"]
[White "Golubka, Petro"]
[Black "Tate, Alan"]
[Result "1-0"]
[WhiteElo "2503"]
[BlackElo "2399"]
[WhiteFideId "-1"]
[BlackFideId "-1"]
[PlyCount "69"]
[GameId "2130307621781571"]
[EventDate "2018.03.17"]
[EventType "swiss"]
[EventRounds "11"]
[EventCountry "GEO"]
[SourceTitle "10 Days #538"]
[Source "Chess Mix"]
[SourceDate "2018.04.01"]
[SourceVersion "1"]
[SourceVersionDate "2018.04.01"]
[SourceQuality "1"]

1. c4 c6 2. d4 d5 3. Nc3 Nf6 4. Nf3 dxc4 5. a4 e6 6. g3 Nbd7 7. Bg2 Be7 8. O-O O-O 9. a5 Nd5 10. e4 Nb4 11. Qe2 Nd3 12. e5 b5 13. axb6 Nxb6 14. h4 h6 15. Ne4 a5 16. Be3 Nd5 17. Bd2 a4 18. Nc3 Nxc3 19. bxc3 a3 20. Ne1 Ba6 21. Bxc6 Rb8 22. Be4 Nxe1 23. Rfxe1 Rb2 24. Red1 Qa5 25. Qg4 f5 26. exf6 Rxf6 27. Be3 Bc8 28. d5 Qc7 29. Qh5 exd5 30. Bxd5+ Kf8 31. Bd4 Bc5 32. Re1 Bd7 33. Rxa3 Bxa3 34. Bxf6 Bb5 35. Qf5 1-0

[Event "EUR-ch"]
[Site "Batumi GEO"]
[Date "2018.03.24"]
[Round "7.52"]
[White "Abasov, Nijat Azad"]
[Black "Golubka, Petro"]
[Result "1-0"]
[WhiteElo "2608"]
[BlackElo "2503"]
[WhiteFideId "-1"]
[BlackFideId "-1"]
[PlyCount "77"]
[GameId "2130307621785785"]
[EventDate "2018.03.17"]
[EventType "swiss"]
[EventRounds "11"]
[EventCountry "GEO"]
[SourceTitle "10 Days #538"]
[Source "Chess Mix"]
[SourceDate "2018.04.01"]
[SourceVersion "1"]
[SourceVersionDate "2018.04.01"]
[SourceQuality "1"]

1. d4 Nf6 2. Nf3 e6 3. c4 Bb4+ 4. Nbd2 O-O 5. a3 Be7 6. e4 d5 7. Bd3 c5 8. e5 Nfd7 9. h4 h6 10. Bb1 cxd4 11. Qc2 f5 12. cxd5 exd5 13. Ba2 Kh8 14. Nb3 Nc6 15. Bf4 Nb6 16. Nbxd4 Bd7 17. Qd3 Na4 18. b4 a5 19. e6 Nxd4 20. Nxd4 Be8 21. Be5 Ra6 22. O-O Bg6 23. b5 Rb6 24. Rac1 Qe8 25. Bxd5 f4 26. Qb3 Nc5 27. Qc3 Rg8 28. Bc7 Rxb5 29. Nxb5 Qxb5 30. Bxf4 a4 31. Bxh6 Nb3 32. Bxb3 axb3 33. Bg5 b2 34. Bxe7 bxc1=Q 35. Rxc1 Qd5 36. Re1 Re8 37. Bg5 Be4 38. e7 Bxg2 39. Bh6 1-0

[Event "EUR-ch"]
[Site "Batumi GEO"]
[Date "2018.03.25"]
[Round "8.83"]
[White "Golubka, Petro"]
[Black "Gokhvat, Peter"]
[Result "1-0"]
[WhiteElo "2503"]
[BlackElo "2248"]
[WhiteFideId "-1"]
[BlackFideId "-1"]
[PlyCount "61"]
[GameId "2130307621794158"]
[EventDate "2018.03.17"]
[EventType "swiss"]
[EventRounds "11"]
[EventCountry "GEO"]
[SourceTitle "10 Days #538"]
[Source "Chess Mix"]
[SourceDate "2018.04.01"]
[SourceVersion "1"]
[SourceVersionDate "2018.04.01"]
[SourceQuality "1"]

1. d4 Nf6 2. c4 c5 3. d5 e5 4. Nc3 d6 5. e4 Nbd7 6. h4 h5 7. Nh3 Be7 8. Ng5 Nf8 9. Be2 Ng6 10. a3 Bg4 11. f3 Bd7 12. g3 Kf8 13. Be3 Kg8 14. Qd2 Nh7 15. Nxh7 Rxh7 16. O-O-O a6 17. Kb1 Qe8 18. b4 b6 19. Ka2 Nf8 20. Rb1 g6 21. bxc5 bxc5 22. f4 f6 23. Rb6 Bd8 24. Rxd6 Bc7 25. Bxc5 Bxd6 26. Bxd6 Ba4 27. Rb1 Rha7 28. Bd3 Bd7 29. c5 Kh7 30. fxe5 fxe5 31. Rf1 1-0

[Event "EUR-ch"]
[Site "Batumi GEO"]
[Date "2018.03.26"]
[Round "9.51"]
[White "Oparin, Grigoriy"]
[Black "Golubka, Petro"]
[Result "0-1"]
[WhiteElo "2622"]
[BlackElo "2503"]
[WhiteFideId "-1"]
[BlackFideId "-1"]
[PlyCount "154"]
[GameId "2130307621802466"]
[EventDate "2018.03.17"]
[EventType "swiss"]
[EventRounds "11"]
[EventCountry "GEO"]
[SourceTitle "10 Days #538"]
[Source "Chess Mix"]
[SourceDate "2018.04.01"]
[SourceVersion "1"]
[SourceVersionDate "2018.04.01"]
[SourceQuality "1"]

1. e4 c5 2. Nf3 d6 3. d4 cxd4 4. Nxd4 Nf6 5. Nc3 Nc6 6. Bg5 e6 7. Qd2 a6 8. O-O-O h6 9. Be3 Bd7 10. f3 b5 11. Nxc6 Bxc6 12. Kb1 Be7 13. Ne2 Qc7 14. Nd4 Bb7 15. g4 Nd7 16. Be2 Ne5 17. b3 d5 18. f4 Nd7 19. e5 Nc5 20. Bf3 Ne4 21. Bxe4 dxe4 22. Ne2 Rc8 23. Rhf1 O-O 24. c3 Bd5 25. Bd4 f5 26. exf6 Bxf6 27. Bxf6 Rxf6 28. h4 Rff8 29. g5 h5 30. Qe3 a5 31. Rd4 a4 32. b4 Bc4 33. Rfd1 Bd3+ 34. R1xd3 exd3 35. Rxd3 Qc4 36. Rd4 Qc6 37. Re4 Rfd8 38. Rxe6 Qh1+ 39. Nc1 Qd5 40. g6 Qf5+ 41. Kb2 a3+ 42. Kxa3 Rxc3+ 43. Qxc3 Qxe6 44. Qc2 Rc8 45. Qd2 Qxg6 46. Nb3 Qa6+ 47. Na5 Qe6 48. Qd3 Rb8 49. f5 Qf7 50. Nc6 Ra8+ 51. Na5 Qe8 52. Qd5+ Kh7 53. Qf3 Ra6 54. Qd3 Kh8 55. Kb3 Rf6 56. a4 bxa4+ 57. Ka3 Qf8 58. Qe2 Rxf5 59. Kxa4 Rf3 60. Qe5 Qf7 61. Nc6 Rf5 62. Qe2 Rf2 63. Qd3 Qa2+ 64. Kb5 Qe2 65. Qxe2 Rxe2 66. Kc5 Rc2+ 67. Kd5 Rb2 68. Kc4 g5 69. Kc3 Rb1 70. Kc2 Re1 71. Kd2 Re8 72. Nd4 gxh4 73. Nf3 h3 74. b5 Rb8 75. Ke3 Rxb5 76. Kf4 Rb3 77. Kg3 h2 0-1

[Event "EUR-ch"]
[Site "Batumi GEO"]
[Date "2018.03.27"]
[Round "10.37"]
[White "Golubka, Petro"]
[Black "Bindrich, Falko"]
[Result "1-0"]
[WhiteElo "2503"]
[BlackElo "2602"]
[WhiteFideId "-1"]
[BlackFideId "-1"]
[PlyCount "73"]
[GameId "2130307621806690"]
[EventDate "2018.03.17"]
[EventType "swiss"]
[EventRounds "11"]
[EventCountry "GEO"]
[SourceTitle "10 Days #538"]
[Source "Chess Mix"]
[SourceDate "2018.04.01"]
[SourceVersion "1"]
[SourceVersionDate "2018.04.01"]
[SourceQuality "1"]

1. d4 Nf6 2. c4 e6 3. Nc3 d5 4. Nf3 c5 5. cxd5 Nxd5 6. e3 Nc6 7. Bd3 Be7 8. O-O O-O 9. Re1 Nxc3 10. bxc3 b6 11. Bb2 Bb7 12. Qe2 Rc8 13. Rac1 Na5 14. e4 Bf6 15. Rcd1 Qc7 16. h4 g6 17. h5 cxd4 18. cxd4 Nc4 19. Bc1 b5 20. e5 Bg7 21. Ng5 h6 22. hxg6 hxg5 23. Qh5 fxg6 24. Bxg6 Bh8 25. Bxg5 Rf7 26. Rd3 Rh7 27. Qg4 Bd5 28. Bxh7+ Qxh7 29. Rh3 Qg6 30. Rh6 Qf7 31. Bf6+ Bg7 32. Rg6 Rc7 33. Bxg7 Qxg7 34. f3 b4 35. Rxg7+ Rxg7 36. Qh5 Bc6 37. d5 1-0

[Event "EUR-ch"]
[Site "Batumi GEO"]
[Date "2018.03.28"]
[Round "11.25"]
[White "Ponomariov, Ruslan"]
[Black "Golubka, Petro"]
[Result "1-0"]
[WhiteElo "2697"]
[BlackElo "2503"]
[WhiteFideId "-1"]
[BlackFideId "-1"]
[PlyCount "61"]
[GameId "2130307621815014"]
[EventDate "2018.03.17"]
[EventType "swiss"]
[EventRounds "11"]
[EventCountry "GEO"]
[SourceTitle "10 Days #538"]
[Source "Chess Mix"]
[SourceDate "2018.04.01"]
[SourceVersion "1"]
[SourceVersionDate "2018.04.01"]
[SourceQuality "1"]

1. e4 c5 2. Nf3 d6 3. d4 cxd4 4. Nxd4 Nf6 5. Nc3 Nc6 6. Bg5 e6 7. Qd2 a6 8. O-O-O h6 9. Nxc6 bxc6 10. Bf4 d5 11. Qe3 Bb4 12. a3 Ba5 13. exd5 cxd5 14. Be2 O-O 15. Qg3 Kh8 16. Be5 Bd7 17. h4 Ne8 18. f4 f6 19. Bd4 Nd6 20. Bd3 Bxc3 21. Bxc3 Bb5 22. Bg6 f5 23. Rhe1 Qd7 24. Rxe6 Ne4 25. Rxe4 fxe4 26. Bxe4 Bc6 27. Qg6 Kg8 28. Qh7+ Kf7 29. Qxg7+ Ke6 30. Qe5+ Kf7 31. Qf6+ 1-0

[Event "Nebesna Sotnya Rapid"]
[Site "Lutsk UKR"]
[Date "2018.02.17"]
[Round "5.2"]
[White "Golubka, Petro"]
[Black "Simantsev, Mikhail"]
[Result "1/2-1/2"]
[WhiteElo "2422"]
[BlackElo "2418"]
[WhiteFideId "-1"]
[BlackFideId "-1"]
[PlyCount "71"]
[GameId "2130307622346420"]
[EventDate "2018.02.17"]
[EventType "swiss (rapid)"]
[EventRounds "11"]
[EventCountry "UKR"]
[SourceTitle "10 Days #534"]
[Source "Chess Mix"]
[SourceDate "2018.02.20"]
[SourceVersion "1"]
[SourceVersionDate "2018.02.20"]
[SourceQuality "1"]

1. d4 Nf6 2. c4 e6 3. Nf3 b6 4. a3 Bb7 5. Nc3 d5 6. cxd5 Nxd5 7. Qc2 Be7 8. e4 Nxc3 9. bxc3 O-O 10. Bd3 c5 11. e5 h6 12. Be3 cxd4 13. cxd4 Qd5 14. O-O Rc8 15. Qe2 Nc6 16. Rfd1 Na5 17. a4 Rc7 18. Qf1 Rac8 19. Nd2 Qd7 20. Qe2 Rc3 21. Ne4 Qd5 22. f3 R3c7 23. Rab1 Qd7 24. Qf2 Nc4 25. Nf6+ Bxf6 26. exf6 Nxe3 27. Qxe3 gxf6 28. Qxh6 Qxd4+ 29. Kh1 f5 30. Bxf5 Qg7 31. Qh4 Rc4 32. Rd8+ Rxd8 33. Qxd8+ Qf8 34. Qg5+ Qg7 35. Qd8+ Qf8 36. Qg5+ 1/2-1/2

[Event "Nebesna Sotnya Rapid"]
[Site "Lutsk UKR"]
[Date "2018.02.17"]
[Round "6.2"]
[White "Stupak, Kirill"]
[Black "Golubka, Petro"]
[Result "1/2-1/2"]
[WhiteElo "2573"]
[BlackElo "2422"]
[WhiteFideId "-1"]
[BlackFideId "-1"]
[PlyCount "162"]
[GameId "2130307622346427"]
[EventDate "2018.02.17"]
[EventType "swiss (rapid)"]
[EventRounds "11"]
[EventCountry "UKR"]
[SourceTitle "10 Days #534"]
[Source "Chess Mix"]
[SourceDate "2018.02.20"]
[SourceVersion "1"]
[SourceVersionDate "2018.02.20"]
[SourceQuality "1"]

1. d4 d5 2. Nf3 Nf6 3. g3 g6 4. Bg2 Bg7 5. O-O O-O 6. c4 c6 7. Qb3 dxc4 8. Qxc4 Be6 9. Qb4 b6 10. Nc3 Nd5 11. Qa4 Nxc3 12. bxc3 Bd5 13. Re1 Be4 14. Bh3 Bxf3 15. exf3 e6 16. f4 b5 17. Qc2 Nd7 18. a4 a6 19. Bg2 Qc7 20. Qe4 Rac8 21. axb5 axb5 22. Ra6 c5 23. Be3 cxd4 24. cxd4 Rfd8 25. Qb1 Nf8 26. Rd1 Nd7 27. Rc1 Qb8 28. Ra8 Qxa8 29. Bxa8 Rxa8 30. Qxb5 Nf6 31. Kg2 Nd5 32. Qd3 Ra2 33. Kf3 Rda8 34. Rc2 R2a4 35. Qb5 Bxd4 36. Bxd4 Rxd4 37. Qb7 Rda4 38. h4 h5 39. Rc8+ Rxc8 40. Qxc8+ Kg7 41. Kg2 Rb4 42. Qc2 Kg8 43. Qd1 Nxf4+ 44. gxf4 Rxf4 45. Kg3 Rf5 46. Qd8+ Kh7 47. f3 Kg7 48. Kf2 Rd5 49. Qc7 Kg8 50. Ke3 Kg7 51. Ke4 Kg8 52. Qc3 Kf8 53. Qh8+ Ke7 54. Qb8 Kf6 55. Qg8 Rf5 56. Ke3 Re5+ 57. Kd4 Rd5+ 58. Kc4 Rf5 59. Kb4 Rd5 60. Kc4 Rf5 61. Kb4 Rd5 62. Qb8 Kg7 63. Kc4 Kf6 64. Qa8 Kg7 65. Qa1+ Kg8 66. Qf6 Kf8 67. Kc3 Kg8 68. Qe7 Kg7 69. Qe8 Rf5 70. Qa8 Rd5 71. Kc4 Rf5 72. Kd4 Rd5+ 73. Ke4 Rf5 74. Qa1+ Kg8 75. Qc1 Rd5 76. Qc8+ Kg7 77. Qc3+ Kg8 78. Qb2 Rf5 79. Kd4 Rd5+ 80. Kc4 Rf5 81. Qb7 Rd5 1/2-1/2

[Event "Nebesna Sotnya Rapid"]
[Site "Lutsk UKR"]
[Date "2018.02.17"]
[Round "9.6"]
[White "Sergeev, Vladimir"]
[Black "Golubka, Petro"]
[Result "0-1"]
[WhiteElo "2445"]
[BlackElo "2422"]
[WhiteFideId "-1"]
[BlackFideId "-1"]
[PlyCount "94"]
[GameId "2130307622346451"]
[EventDate "2018.02.17"]
[EventType "swiss (rapid)"]
[EventRounds "11"]
[EventCountry "UKR"]
[SourceTitle "10 Days #534"]
[Source "Chess Mix"]
[SourceDate "2018.02.20"]
[SourceVersion "1"]
[SourceVersionDate "2018.02.20"]
[SourceQuality "1"]

1. Nf3 d6 2. d4 Bg4 3. c4 g6 4. Nc3 Bg7 5. e3 c5 6. Be2 Nc6 7. d5 Na5 8. Nd2 Bxe2 9. Qxe2 Nf6 10. O-O O-O 11. Rd1 Nd7 12. Rb1 a6 13. a3 Bxc3 14. bxc3 Re8 15. e4 e5 16. Nf1 Qh4 17. g3 Qh3 18. Be3 f5 19. exf5 gxf5 20. f3 f4 21. Bf2 e4 22. fxe4 Ne5 23. gxf4 Ng4 24. Rd3 Nxf2 25. Rxh3 Nxh3+ 26. Kh1 Nxf4 27. Qg4+ Ng6 28. Ng3 Nxc4 29. Rxb7 Nce5 30. Qf5 Rab8 31. Rxb8 Rxb8 32. Qe6+ Kh8 33. Qf6+ Kg8 34. Nh5 Rb7 35. Qe6+ Rf7 36. Nf6+ Kg7 37. Nh5+ Kh6 38. Qh3 Kg5 39. Ng3 Rb7 40. Qf5+ Kh6 41. Qh5+ Kg7 42. Nf5+ Kf6 43. Qd1 Nf4 44. Nxd6 Rb2 45. Qf1 Nf3 46. e5+ Ke7 47. Nf5+ Kd8 0-1

[Event "Nebesna Sotnya Blitz"]
[Site "Lutsk UKR"]
[Date "2018.02.16"]
[Round "1.7"]
[White "Golubka, Petro"]
[Black "Vakulenko, Aleksandr"]
[Result "1-0"]
[WhiteElo "2457"]
[BlackElo "1770"]
[WhiteFideId "-1"]
[BlackFideId "-1"]
[PlyCount "79"]
[GameId "2130307622367573"]
[EventDate "2018.02.16"]
[EventType "swiss (blitz)"]
[EventRounds "15"]
[EventCountry "UKR"]
[SourceTitle "10 Days #534"]
[Source "Chess Mix"]
[SourceDate "2018.02.20"]
[SourceVersion "1"]
[SourceVersionDate "2018.02.20"]
[SourceQuality "1"]

1. d4 f5 2. g3 Nf6 3. Bg2 g6 4. c4 Bg7 5. Nc3 d6 6. Nf3 O-O 7. O-O Qe8 8. d5 a5 9. Nd4 Na6 10. b3 Nc5 11. Bb2 Bd7 12. Ncb5 Rc8 13. Bc3 b6 14. Na7 Ra8 15. Nac6 Nfe4 16. Bb2 e5 17. Nb5 Bxc6 18. dxc6 Qxc6 19. a3 a4 20. b4 Nb3 21. Qd5+ Qxd5 22. cxd5 Nxa1 23. Rxa1 Rf7 24. Rc1 Raf8 25. e3 Nf6 26. Rd1 g5 27. Bh3 Ne8 28. Bc1 Kh8 29. Bd2 f4 30. Be6 Rf6 31. g4 h6 32. h3 fxe3 33. Bxe3 Rf3 34. Kg2 e4 35. Rd2 Be5 36. Bf5 R3xf5 37. gxf5 Rxf5 38. Rc2 Rf7 39. Rc4 Bf4 40. Rxe4 1-0

[Event "Nebesna Sotnya Blitz"]
[Site "Lutsk UKR"]
[Date "2018.02.16"]
[Round "2.7"]
[White "Kurin, Aleksandr"]
[Black "Golubka, Petro"]
[Result "0-1"]
[WhiteElo "2012"]
[BlackElo "2457"]
[WhiteFideId "-1"]
[BlackFideId "-1"]
[PlyCount "56"]
[GameId "2130307622367580"]
[EventDate "2018.02.16"]
[EventType "swiss (blitz)"]
[EventRounds "15"]
[EventCountry "UKR"]
[SourceTitle "10 Days #534"]
[Source "Chess Mix"]
[SourceDate "2018.02.20"]
[SourceVersion "1"]
[SourceVersionDate "2018.02.20"]
[SourceQuality "1"]

1. e4 c5 2. Nf3 d6 3. d4 cxd4 4. Nxd4 Nf6 5. Nc3 a6 6. Bg5 e6 7. f4 h6 8. Bh4 Be7 9. Qf3 Nbd7 10. O-O-O Qc7 11. Bd3 b5 12. Rhe1 Bb7 13. Nd5 Nxd5 14. exd5 Bxh4 15. g3 Bf6 16. Rxe6+ Kf8 17. Rxf6 Nxf6 18. Nc6 Bxc6 19. dxc6 d5 20. g4 Qxc6 21. g5 Ne4 22. h4 Re8 23. Bxe4 Rxe4 24. Qa3+ Kg8 25. Qa5 Kh7 26. Rf1 Rc8 27. Qd2 Qc4 28. Rd1 Re2 0-1

[Event "Nebesna Sotnya Blitz"]
[Site "Lutsk UKR"]
[Date "2018.02.16"]
[Round "3.6"]
[White "Golubka, Petro"]
[Black "Yaniuk, Volodymyr"]
[Result "1/2-1/2"]
[WhiteElo "2457"]
[BlackElo "2216"]
[WhiteFideId "-1"]
[BlackFideId "-1"]
[PlyCount "64"]
[GameId "2129404767281251"]
[EventDate "2018.02.16"]
[EventType "swiss (blitz)"]
[EventRounds "15"]
[EventCountry "UKR"]
[SourceTitle "10 Days #534"]
[Source "Chess Mix"]
[SourceDate "2018.02.20"]
[SourceVersion "1"]
[SourceVersionDate "2018.02.20"]
[SourceQuality "1"]

1. e4 e5 2. Nf3 Nc6 3. Bb5 a6 4. Ba4 Nf6 5. O-O Be7 6. Re1 b5 7. Bb3 d6 8. c3 O-O 9. h3 Nb8 10. d3 Nbd7 11. Nbd2 Bb7 12. Bc2 Re8 13. b4 Bf8 14. Nb3 Rc8 15. Na5 Ba8 16. a3 d5 17. exd5 Nxd5 18. c4 Nf4 19. Bxf4 exf4 20. Rxe8 Qxe8 21. c5 Ne5 22. Nxe5 Qxe5 23. d4 Qf6 24. Qd3 g6 25. Rd1 Rd8 26. Bb3 Qg5 27. d5 Bg7 28. Qe4 Qe5 29. Qf3 g5 30. Nc6 Bxc6 31. dxc6 Rxd1+ 32. Qxd1 Qa1 $11 1/2-1/2

[Event "Nebesna Sotnya Blitz"]
[Site "Lutsk UKR"]
[Date "2018.02.16"]
[Round "6.7"]
[White "Mikhaletz, Lubomir"]
[Black "Golubka, Petro"]
[Result "1/2-1/2"]
[WhiteElo "2305"]
[BlackElo "2457"]
[WhiteFideId "-1"]
[BlackFideId "-1"]
[PlyCount "78"]
[GameId "2130307622371703"]
[EventDate "2018.02.16"]
[EventType "swiss (blitz)"]
[EventRounds "15"]
[EventCountry "UKR"]
[SourceTitle "10 Days #534"]
[Source "Chess Mix"]
[SourceDate "2018.02.20"]
[SourceVersion "1"]
[SourceVersionDate "2018.02.20"]
[SourceQuality "1"]

1. c4 c6 2. g3 d5 3. Bg2 Nf6 4. Nf3 g6 5. O-O Bg7 6. d3 O-O 7. Nc3 dxc4 8. dxc4 Be6 9. Nd2 Nbd7 10. b3 Ng4 11. Bb2 Qa5 12. Qc2 Rad8 13. Rad1 Qh5 14. Nf3 Nde5 15. h3 Nxf3+ 16. exf3 Ne5 17. g4 Qh4 18. f4 Bxg4 19. Rxd8 Nf3+ 20. Kh1 Rxd8 21. Rd1 Rxd1+ 22. Qxd1 Ne5 23. Qd8+ Bf8 24. fxe5 Bxh3 25. Ne2 Bg4+ 26. Kg1 Bxe2 27. Ba3 h5 28. e6 fxe6 29. Qd7 Qg4 30. Kh1 Bf3 31. Bxf3 Qxf3+ 32. Kg1 Qg4+ 33. Kf1 h4 34. Bxe7 Bxe7 35. Qxe7 h3 36. Qxb7 Qg2+ 37. Ke1 Qe4+ 38. Kd2 h2 39. Qb8+ Kf7 1/2-1/2

[Event "Nebesna Sotnya Blitz"]
[Site "Lutsk UKR"]
[Date "2018.02.16"]
[Round "12.2"]
[White "Bortnyk, Mykola"]
[Black "Golubka, Petro"]
[Result "1/2-1/2"]
[WhiteElo "2621"]
[BlackElo "2457"]
[WhiteFideId "-1"]
[BlackFideId "-1"]
[PlyCount "166"]
[GameId "2130307622375837"]
[EventDate "2018.02.16"]
[EventType "swiss (blitz)"]
[EventRounds "15"]
[EventCountry "UKR"]
[SourceTitle "10 Days #534"]
[Source "Chess Mix"]
[SourceDate "2018.02.20"]
[SourceVersion "1"]
[SourceVersionDate "2018.02.20"]
[SourceQuality "1"]

1. e4 c6 2. d4 d5 3. exd5 cxd5 4. c4 Nf6 5. Nc3 e6 6. Nf3 Bb4 7. cxd5 Nxd5 8. Bd2 Nc6 9. Bd3 O-O 10. O-O Nf6 11. Be3 b6 12. Ne4 Nd5 13. Qe2 Bb7 14. Rad1 Be7 15. Bb1 Nxe3 16. fxe3 Nb4 17. Qf2 Nxa2 18. Ne5 Nb4 19. Qg3 f6 20. Nf3 Nd5 21. Rde1 Ba6 22. Rf2 Rc8 23. Kh1 Nb4 24. Rd2 Bb7 25. Nc3 Nd5 26. Qh3 f5 27. e4 Nxc3 28. bxc3 Bxe4 29. Bxe4 fxe4 30. Qxe6+ Kh8 31. Qxe4 Bf6 32. Qd3 Qc7 33. Rc2 a5 34. c4 Rfd8 35. d5 a4 36. h3 Qc5 37. Rce2 a3 38. d6 a2 39. d7 a1=Q 40. dxc8=Q Qxe1+ 41. Rxe1 Rxc8 42. Qd7 h6 43. Re8+ Rxe8 44. Qxe8+ Kh7 45. Qe4+ Kh8 46. Kh2 Kg8 47. Kg3 Kf7 48. Qb7+ Kg6 49. Qe4+ Kf7 50. h4 Qd6+ 51. Kf2 Qc5+ 52. Kf1 Qd6 53. h5 Kf8 54. Ke2 Qc5 55. g4 Kf7 56. Nd2 Qe7 57. Kd3 Qd6+ 58. Ke2 Qh2+ 59. Kd3 Qd6+ 60. Qd5+ Ke7 61. Ne4 Qb4 62. Qb7+ Kf8 63. Nxf6 gxf6 64. Qc8+ Ke7 65. Qc7+ Ke6 66. Qc6+ Ke7 67. Qe4+ Kf8 68. Qa8+ Ke7 69. Qb7+ Kf8 70. Qc8+ Ke7 71. Qc7+ Kf8 72. Ke4 Qe7+ 73. Qxe7+ Kxe7 74. Kd5 Kd7 75. c5 bxc5 76. Kxc5 Ke6 77. Kd4 f5 78. gxf5+ Kxf5 79. Ke3 Kg5 80. Kf3 Kxh5 81. Kg3 Kg5 82. Kh3 h5 83. Kh2 Kg4 1/2-1/2

[Event "Nebesna Sotnya Blitz"]
[Site "Lutsk UKR"]
[Date "2018.02.16"]
[Round "14.6"]
[White "Roshka, Yevgeniy"]
[Black "Golubka, Petro"]
[Result "1/2-1/2"]
[WhiteElo "2351"]
[BlackElo "2457"]
[WhiteFideId "-1"]
[BlackFideId "-1"]
[PlyCount "128"]
[GameId "2130307622375854"]
[EventDate "2018.02.16"]
[EventType "swiss (blitz)"]
[EventRounds "15"]
[EventCountry "UKR"]
[SourceTitle "10 Days #534"]
[Source "Chess Mix"]
[SourceDate "2018.02.20"]
[SourceVersion "1"]
[SourceVersionDate "2018.02.20"]
[SourceQuality "1"]

1. e4 c6 2. d3 d5 3. Nd2 a6 4. Ngf3 g6 5. g3 Bg7 6. Bg2 e5 7. O-O Ne7 8. Re1 d4 9. a4 c5 10. a5 Nbc6 11. Nc4 Be6 12. Bd2 h6 13. Rf1 O-O 14. Nh4 Bxc4 15. dxc4 d3 16. Be3 dxc2 17. Qxc2 Nxa5 18. Bxc5 Nec6 19. b4 Nd4 20. Bxd4 exd4 21. Rxa5 d3 22. Qd2 Rc8 23. Rd5 Qb6 24. Qxd3 Qxb4 25. Rb1 Qxc4 26. Qxc4 Rxc4 27. Bf1 Rc7 28. Ng2 b5 29. Rd6 Ra8 30. Ne3 Bf8 31. Rd2 b4 32. Nd5 Rb7 33. Ra2 a5 34. Ra4 Kg7 35. Bc4 Raa7 36. Bb3 Rb5 37. Kf1 h5 38. Ke2 Rb8 39. Rba1 Rb5 40. Rc1 Rb8 41. Rc7 Rxc7 42. Nxc7 Rc8 43. Nd5 Rc5 44. Ra2 h4 45. gxh4 Bd6 46. f4 Rc1 47. e5 Bc5 48. Rxa5 Bg1 49. Nxb4 Rb1 50. Nd5 Rxb3 51. Ra8 Bxh2 52. Nf6 Bxf4 53. Rg8+ Kh6 54. Rh8+ Kg7 55. Rg8+ Kh6 56. Rh8+ Kg7 57. Rh7+ Kf8 58. Rh8+ Kg7 59. Rh7+ Kf8 60. Rh8+ Kg7 61. Rg8+ Kh6 62. Rh8+ Kg7 63. Rh7+ Kf8 64. Rh8+ Kg7 1/2-1/2

[Event "UKR-ch"]
[Site "Zhytomyr UKR"]
[Date "2017.12.06"]
[Round "1.4"]
[White "Vovk, Andrey"]
[Black "Golubka, Petro"]
[Result "0-1"]
[WhiteElo "2634"]
[BlackElo "2475"]
[WhiteFideId "-1"]
[BlackFideId "-1"]
[PlyCount "104"]
[GameId "2130307624508765"]
[EventDate "2017.12.06"]
[EventType "tourn"]
[EventRounds "11"]
[EventCountry "UKR"]
[EventCategory "11"]
[SourceTitle "10 Days #528"]
[Source "Chess Mix"]
[SourceDate "2017.12.20"]
[SourceVersion "1"]
[SourceVersionDate "2017.12.20"]
[SourceQuality "1"]

1. e4 c5 2. Nf3 d6 3. d4 cxd4 4. Nxd4 Nf6 5. Nc3 a6 6. Be3 e5 7. Nb3 Be6 8. Qd2 Nbd7 9. O-O-O Rc8 10. f4 Be7 11. Kb1 O-O 12. f5 Bxb3 13. axb3 b5 14. Be2 Nb6 15. g4 b4 16. Nd5 Nbxd5 17. exd5 Qc7 18. Bf3 e4 19. Be2 Nxd5 20. Bc4 Nxe3 21. Qxe3 Bf6 22. g5 Be5 23. Qxe4 Kh8 24. f6 g6 25. Rhe1 a5 26. Re3 Qb6 27. Rh3 Qf2 28. Rf1 Rxc4 29. Qxc4 Qg2 30. Rhf3 Qxg5 31. Qd5 Qg2 32. Rd1 Qxh2 33. Qe4 Rc8 34. Re3 Bxf6 35. Qd3 Be5 36. Rh3 Qg2 37. Rh6 Kg7 38. Rdh1 Rh8 39. Qb5 Bf4 40. R6h4 h5 41. Rf1 Be5 42. Qc4 Rf8 43. Rhh1 Qg4 44. Rd1 Qxc4 45. bxc4 Rc8 46. b3 Rc5 47. Rd3 f5 48. Kc1 Kh6 49. Kd2 g5 50. Ke2 g4 51. Rhd1 Kg5 52. Rd5 h4 0-1

[Event "UKR-ch"]
[Site "Zhytomyr UKR"]
[Date "2017.12.07"]
[Round "2.3"]
[White "Golubka, Petro"]
[Black "Neverov, Valeriy"]
[Result "1-0"]
[WhiteElo "2475"]
[BlackElo "2496"]
[WhiteFideId "-1"]
[BlackFideId "-1"]
[PlyCount "115"]
[GameId "2130307624508770"]
[EventDate "2017.12.06"]
[EventType "tourn"]
[EventRounds "11"]
[EventCountry "UKR"]
[EventCategory "11"]
[SourceTitle "10 Days #528"]
[Source "Chess Mix"]
[SourceDate "2017.12.20"]
[SourceVersion "1"]
[SourceVersionDate "2017.12.20"]
[SourceQuality "1"]

1. e4 e5 2. Nf3 Nc6 3. Bb5 a6 4. Ba4 Nf6 5. O-O Be7 6. Re1 b5 7. Bb3 d6 8. c3 O-O 9. h3 Nb8 10. d4 Nbd7 11. Nbd2 Bb7 12. Bc2 Re8 13. b3 Rb8 14. d5 c6 15. c4 Qc7 16. Ba3 Rec8 17. Bd3 Nc5 18. Bxc5 dxc5 19. Qc2 Re8 20. Bf1 Bc8 21. dxc6 b4 22. a3 a5 23. axb4 axb4 24. Bd3 Bf8 25. Nf1 Qxc6 26. Ne3 Nd7 27. Nd5 Bb7 28. Qb2 f6 29. Nd2 Ra8 30. Be2 Bd6 31. Bg4 Nf8 32. h4 Ne6 33. Bxe6+ Rxe6 34. Rxa8+ Bxa8 35. h5 Bf8 36. Ra1 Qc8 37. Nf1 Ra6 38. Nfe3 Kf7 39. Rxa6 Qxa6 40. Nc7 Qc6 41. Nxa8 Qxa8 42. Qb1 g6 43. Nd5 Bh6 44. Qd1 Qa7 45. g3 Kg7 46. Kg2 f5 47. Qc2 Qf7 48. Qb2 Qe6 49. Qa1 Bg5 50. Qa7+ Kh6 51. hxg6 hxg6 52. Qxc5 fxe4 53. Qxb4 Qf5 54. Qc3 e3 55. Nxe3 Qe4+ 56. Kg1 Qb1+ 57. Kh2 Qa2 58. Ng4+ 1-0